[Event "Druzynowe Mistrzostwa Polski II Liga"]
[Site "Szklarska Poreba"]
[Date "1899-12-30"]
[Round "1.52"]
[White "Wolak, Jacek"]
[Black "Knopik, Krzysztof"]
[Result "1/2-1/2"]
[WhiteTitle "I"]
[BlackTitle "k"]
[WhiteElo "1949"]
[BlackElo "2098"]

1. d4 Nf6 2. Nf3 g6 3. c4 Bg7 4. Nc3 c5 5. e4 cxd4 6. Nxd4 O-O 7. Be2 Nc6 8. Be3
d6 9. O-O a6 10. h3 Nxd4 11. Bxd4 Be6 12. Qd2 Rc8 13. b3 Qa5 14. Qe3 Nd7 15. f4
Bxd4 16. Qxd4 Qb6 17. Qxb6 Nxb6 18. Bg4 Bd7 19. Nd5 Nxd5 20. Bxd7 Rc7 21. cxd5
Rxd7 22. Rac1 f5 23. Rfe1 fxe4 24. Rxe4 Rf5 25. Rd4 Kf7 26. g4 Rf6 27. Kf2 e5
28. dxe6+ Rxe6 29. Rcd1 Ke7 30. Kf3 Rc7 31. h4 Rc2 32. Ke4 1/2-1/2

[Event "Druzynowe Mistrzostwa Polski II Liga"]
[Site "Szklarska Poreba"]
[Date "1899-12-30"]
[Round "1.54"]
[White "Jedrocha, Katarzyna"]
[Black "Gonsior, Monika"]
[Result "0-1"]
[WhiteTitle "k"]
[BlackTitle "m"]
[WhiteElo "1902"]
[BlackElo "1974"]

1. e4 e5 2. Nf3 Nc6 3. Bc4 Bc5 4. O-O d6 5. c3 Bb6 6. d3 Bg4 7. Nbd2 Qd7 8. b4
a5 9. b5 Nd8 10. Re1 Ne7 11. Nf1 O-O 12. Ng3 Ng6 13. h3 Be6 14. Qa4 Bxh3 15. gxh3
Qxh3 16. d4 Nf4 17. Bf1 Qg4 18. Qd1 Nde6 19. Be3 Rad8 20. Kh1 g6 21. Nh2 Qh4 22.
dxe5 h5 23. exd6 Rxd6 24. Qf3 Bxe3 25. fxe3 Rd2 26. Ne2 Nd3 27. Red1 Rxd1 28.
Rxd1 Nf2+ 29. Kg1 Nxd1 30. c4 Qg5+ 31. Kh1 Nxe3 32. Nc3 Nxf1 33. Qxf1 c6 34. Nf3
Qf4 35. Qe2 Rd8 0-1

[Event "Druzynowe Mistrzostwa Polski II Liga"]
[Site "Szklarska Poreba"]
[Date "1899-12-30"]
[Round "1.55"]
[White "Piotrowski, Przemyslaw"]
[Black "Dzierzak, Radoslaw"]
[Result "1/2-1/2"]
[WhiteTitle "k+"]
[BlackTitle "I++"]
[WhiteElo "2324"]
[BlackElo "2251"]

1. d4 Nf6 2. Nf3 e6 3. g3 d5 4. Bg2 Be7 5. c4 O-O 6. O-O dxc4 7. Qc2 a6 8. a4 Bd7
9. Qxc4 Bc6 10. Bg5 Bd5 11. Qd3 c5 12. Nc3 Bc6 13. Rfd1 cxd4 14. Nxd4 Bxg2 15.
Kxg2 Nbd7 16. Bxf6 Nxf6 17. Qf3 Qb8 18. a5 Qa7 19. e4 Rfd8 20. e5 Nd7 21. Qf4
Nxe5 22. Qxe5 Bf6 23. Ndb5 axb5 24. Qxb5 h6 25. Rxd8+ Rxd8 26. Rd1 Rxd1 27. Nxd1
g6 28. Ne3 Qa6 29. Qxa6 bxa6 30. b4 Be7 31. Nc2 Kf8 32. Kf3 Ke8 33. Ke4 Kd7 34.
Kd4 Kc6 35. Kc4 e5 36. Ne3 h5 37. Nd5 Bd8 38. Nc3 f5 39. f3 h4 40. g4 h3 41. gxf5
gxf5 42. Ne2 Bg5 43. Ng1 Be3 44. Nxh3 e4 45. f4 Bd2 46. Ng5 Bxf4 47. Ne6 Bxh2
48. Nd4+ Kc7 49. Nxf5 Bg1 50. Kd5 Bf2 51. Ng7 e3 52. Ne6+ Kb7 53. Nd4 Be1 54.
Kc4 Bd2 1/2-1/2

[Event "Druzynowe Mistrzostwa Polski II Liga"]
[Site "Szklarska Poreba"]
[Date "1899-12-30"]
[Round "1.56"]
[White "Walter, Szymon"]
[Black "Chojnacki, Slawomir"]
[Result "1-0"]
[WhiteTitle "k"]
[BlackTitle "k"]
[WhiteElo "2263"]
[BlackElo "2260"]

1. e4 c6 2. d4 d5 3. Nc3 dxe4 4. Nxe4 Nf6 5. Nxf6+ gxf6 6. Nf3 Bf5 7. Bd3 Bg6 8.
Bf4 e6 9. O-O Bd6 10. Bg3 Qc7 11. c4 Nd7 12. b4 a5 13. a3 axb4 14. Bxg6 hxg6 15.
axb4 O-O 16. Qb3 Bxg3 17. hxg3 Qd6 18. c5 Qc7 19. Nd2 b6 20. Nc4 Rfb8 21. Qc3
bxc5 22. dxc5 Rxa1 23. Rxa1 Qb7 24. Rb1 Qa6 25. Rd1 Qb7 26. Na5 Qc7 27. f4 e5
28. Rd6 exf4 29. gxf4 Nb6 30. Rxc6 Nd5 31. Rxc7 Nxc3 32. c6 Rxb4 33. Rc8+ Kg7
34. c7 Ne2+ 35. Kf2 Rb2 36. Rb8 Ra2 37. c8=Q Nd4+ 38. Kg3 Nf5+ 39. Kh2 1-0

[Event "Druzynowe Mistrzostwa Polski II Liga"]
[Site "Szklarska Poreba"]
[Date "1899-12-30"]
[Round "1.57"]
[White "Fiedorek, Michal"]
[Black "Faron, Rafal"]
[Result "1-0"]
[WhiteTitle "I"]
[BlackTitle "k"]
[WhiteElo "2001"]
[BlackElo "2115"]

1. e4 d6 2. d4 Nf6 3. Nc3 e5 4. Nf3 Nbd7 5. Bc4 Be7 6. O-O O-O 7. Re1 c6 8. a4
a5 9. h3 Nb6 10. Bb3 Nfd7 11. Be3 Qc7 12. Qd2 exd4 13. Nxd4 Nc5 14. f4 Nxb3 15.
cxb3 Qd8 16. Rad1 f5 17. Qf2 fxe4 18. Nxc6 bxc6 19. Bxb6 Qd7 20. Nxe4 d5 21. Nc5
Qd6 22. Nd3 Qf6 23. Bd4 Qf7 24. Ne5 Qxf4 25. Nxc6 Bb4 26. Qxf4 Rxf4 27. Nxb4 axb4
28. Re7 Rf7 29. Re8+ Rf8 30. Rxf8+ Kxf8 31. Bc5+ Kf7 32. Rd4 Bf5 33. Rxb4 Ke6
34. Bd4 Be4 35. Rb7 g6 36. Rb4 h5 37. g3 Kd6 38. Kf2 Rf8+ 39. Ke2 Bf5 40. h4 Bg4+
41. Kd2 Bf5 42. a5 Ra8 43. Rb6+ Kc7 44. Be5+ Kd7 45. b4 1-0

[Event "Druzynowe Mistrzostwa Polski II Liga"]
[Site "Szklarska Poreba"]
[Date "1899-12-30"]
[Round "1.58"]
[White "Kastelik, Adrian"]
[Black "Maciol, Ryszard"]
[Result "1-0"]
[WhiteTitle "I++"]
[BlackTitle "k"]
[WhiteElo "2168"]
[BlackElo "2134"]

1. e4 e6 2. d4 d5 3. e5 c5 4. Qg4 cxd4 5. Nf3 Nc6 6. Bd3 Nge7 7. O-O Nf5 8. Re1
h5 9. Qf4 Be7 10. Bxf5 exf5 11. Nxd4 g5 12. Qe3 f4 13. Qd3 Qb6 14. Nb3 Nb4 15.
Qd2 Bf5 16. Nd4 Bg6 17. Nc3 Rd8 18. h4 Nc6 19. Ncb5 O-O 20. hxg5 Bxg5 21. Nf3
f6 22. Nbd4 Nxd4 23. Qxd4 Rfe8 24. Qxb6 axb6 25. exf6 Bxf6 26. Rxe8+ Rxe8 27.
c3 Re4 28. Bd2 b5 29. a3 Rc4 30. Re1 Be4 31. Nh2 Bf5 32. Re8+ Kf7 33. Rb8 d4 34.
Rxb7+ Kg6 35. cxd4 Rxd4 36. Nf3 Rd5 37. Bc3 Bxc3 38. bxc3 Be4 39. Nd4 Bd3 40.
f3 Rc5 41. Ne6 Rxc3 42. Nxf4+ Kh6 43. Rb6+ Kh7 44. Nxd3 Rc5 1-0

[Event "Druzynowe Mistrzostwa Polski II Liga"]
[Site "Szklarska Poreba"]
[Date "1899-12-30"]
[Round "1.59"]
[White "Czyz, Artur"]
[Black "Wielek, Thomas"]
[Result "1-0"]
[WhiteTitle "k"]
[BlackTitle "I"]
[WhiteElo "1907"]
[BlackElo "1803"]

1. e4 c5 2. Nf3 g6 3. d4 cxd4 4. Nxd4 Nc6 5. c4 Nf6 6. Nc3 d6 7. Be2 Nxd4 8. Qxd4
Bg7 9. Be3 O-O 10. Qd2 Qa5 11. O-O Re8 12. Rac1 Be6 13. Rfd1 Rac8 14. b3 Nd7 15.
Bd4 Bxd4 16. Qxd4 f6 17. Qe3 Kg7 18. Nb5 Nc5 19. a3 Qb6 20. b4 Na4 21. Nd4 Bf7
22. Qb3 e5 23. Qxa4 exd4 24. Bd3 Re7 25. Qc2 Rec7 26. h3 Qa6 27. Qb2 Bxc4 28.
Qxd4 Bxd3 29. Rxc7+ Rxc7 30. Rxd3 Rd7 31. Rf3 Rf7 32. g4 h6 33. h4 Qe2 34. Kg2
g5 35. hxg5 hxg5 36. Qd5 a6 37. a4 Qc2 38. a5 Qc6 39. Qe6 Qd7 40. Rxf6 Qxe6 41.
Rxe6 Rd7 42. Kf3 Kf7 43. Rh6 Kg7 44. Rh5 Kg6 45. Rh8 Rc7 46. Rd8 Rc6 47. Ke3 Kf6
48. Kd4 Ke6 49. Rg8 Rc2 50. f3 Kf6 51. Rb8 Rc7 52. Kd5 Rd7 53. Re8 Kf7 54. Re6
Rc7 55. Rxd6 1-0

[Event "Druzynowe Mistrzostwa Polski II Liga"]
[Site "Szklarska Poreba"]
[Date "1899-12-30"]
[Round "1.60"]
[White "Binkowska, Agata"]
[Black "Ryng, Malgorzata"]
[Result "1-0"]
[WhiteTitle "I++"]
[BlackTitle "m"]
[WhiteElo "1822"]
[BlackElo "2045"]

1. e4 c5 2. Nf3 Nc6 3. d4 cxd4 4. Nxd4 Nf6 5. Nc3 d6 6. Bg5 e6 7. Qd2 Be7 8. O-O-O
a6 9. f3 Bd7 10. h4 b5 11. Bxf6 gxf6 12. g4 b4 13. Nce2 Ne5 14. Ng3 h6 15. Be2
f5 16. exf5 Bxh4 17. Nh5 Be7 18. Ng7+ Kf8 19. fxe6 Kxg7 20. exd7 Qxd7 21. Nf5+
Kf8 22. Rxh6 Rg8 23. Nxe7 Qxe7 24. Rxd6 a5 25. f4 Ng6 26. f5 Ne5 27. f6 Qc7 28.
Qh6+ 1-0

[Event "Druzynowe Mistrzostwa Polski II Liga"]
[Site "Szklarska Poreba"]
[Date "1899-12-30"]
[Round "1.61"]
[White "Nowicki, Bartosz"]
[Black "Cichocki, Adam"]
[Result "1/2-1/2"]
[WhiteTitle "k++"]
[BlackTitle "FM"]
[WhiteElo "2261"]
[BlackElo "2292"]

1. e4 e6 2. d4 d5 3. Nc3 Nf6 4. e5 Nfd7 5. f4 c5 6. Nf3 Nc6 7. Be3 cxd4 8. Nxd4
Bc5 9. Qd2 Nxd4 10. Bxd4 Bxd4 11. Qxd4 Qb6 12. Qxb6 Nxb6 13. Nb5 Ke7 14. O-O-O
Bd7 15. Nd4 f6 16. Re1 f5 17. Rg1 h5 18. b3 Rag8 19. Nf3 a6 20. a4 Be8 21. Re3
h4 22. Rc3 Kd7 23. Ng5 Bh5 24. a5 Nc8 25. Rh3 Ne7 26. c4 Ng6 27. cxd5 exd5 28.
Rd3 Nxf4 29. Rd4 Ne2+ 30. Bxe2 Bxe2 31. Rxd5+ Ke7 32. Re1 Bb5 33. e6 Rc8+ 34.
Kb2 Rhf8 35. Nf7 g6 36. Rd4 Be8 37. Rxh4 Bxf7 38. exf7+ Kf6 39. Rb4 Rxf7 40. Rb6+
Kg5 41. Re3 Rg8 42. Rg3+ Kh5 43. Rh3+ Kg4 44. Rg3+ Kh5 45. h4 f4 46. Rg5+ Kxh4
47. Rbxg6 Rxg6 48. Rxg6 Rc7 49. b4 Kh5 50. Rg8 Kh4 51. Kb3 Kh5 52. Ka3 Kh4 53.
Kb2 Rc4 54. Kb3 Rc7 55. b5 Rc5 56. bxa6 bxa6 57. Kb4 Rb5+ 58. Ka4 Rg5 59. Rxg5
1/2-1/2

[Event "Druzynowe Mistrzostwa Polski II Liga"]
[Site "Szklarska Poreba"]
[Date "1899-12-30"]
[Round "1.62"]
[White "Helis, Tadeusz"]
[Black "Suliborski, Jakub"]
[Result "0-1"]
[WhiteTitle "FM"]
[BlackTitle "I++"]
[WhiteElo "2233"]
[BlackElo "2090"]

1. c4 Nf6 2. Nc3 e6 3. e4 d5 4. e5 d4 5. exf6 dxc3 6. bxc3 Qxf6 7. d4 c5 8. Nf3
h6 9. Bd3 cxd4 10. cxd4 Bb4+ 11. Kf1 O-O 12. Rb1 Qe7 13. Qe2 Nd7 14. h4 Rd8 15.
Bb2 Rb8 16. Rh3 Bd6 17. Ne5 Nf8 18. Kg1 Bd7 19. Nxd7 Rxd7 20. Qg4 f5 21. Qf3 g6
22. Bc1 Qg7 23. Qe3 Be7 24. d5 exd5 25. cxd5 h5 26. Qxa7 Rc8 27. Bb2 Qh6 28. Qd4
Bc5 29. Qf6 Rd6 30. Qe5 Nd7 31. Qg3 Rb6 32. Bxf5 Bd6 33. Be6+ Kh7 34. Qg5 Qxg5
35. hxg5 Rxb2 36. Rd1 Rd8 37. g4 Nc5 38. Re1 0-1

[Event "Druzynowe Mistrzostwa Polski II Liga"]
[Site "Szklarska Poreba"]
[Date "1899-12-30"]
[Round "1.63"]
[White "Jozwik, Jacek"]
[Black "Walkusz, Witoslaw"]
[Result "0-1"]
[WhiteTitle "I"]
[BlackTitle "FM"]
[WhiteElo "1945"]
[BlackElo "2138"]

1. d4 Nf6 2. c4 g6 3. Nc3 d6 4. Nf3 Nbd7 5. Bf4 Bg7 6. e3 O-O 7. Be2 c6 8. O-O
a5 9. h3 Re8 10. a3 Qb6 11. Rb1 e5 12. Bh2 exd4 13. exd4 d5 14. c5 Qd8 15. Re1
Ne4 16. Bd3 f5 17. Qa4 Nf8 18. Ne2 g5 19. Be5 Nxc5 20. dxc5 Bxe5 21. Nxe5 Rxe5
22. Nd4 Qf6 23. Red1 Re8 24. Nb3 Ne6 25. Rbc1 Nf4 26. Rc3 Nxd3 27. Rdxd3 Re1+
28. Kh2 Qe5+ 29. Rg3 Re4 30. Rce3 Qxg3+ 0-1

[Event "Druzynowe Mistrzostwa Polski II Liga"]
[Site "Szklarska Poreba"]
[Date "1899-12-30"]
[Round "1.64"]
[White "Rawski, Slawomir"]
[Black "Major, Boguslaw"]
[Result "1-0"]
[WhiteTitle "FM"]
[BlackTitle "I"]
[WhiteElo "2164"]
[BlackElo "1708"]

1. d4 d5 2. Bg5 Nf6 3. Bxf6 exf6 4. e3 c6 5. Bd3 Qb6 6. b3 Be6 7. Ne2 Bd6 8. O-O
Qc7 9. h3 Na6 10. a3 g5 11. c4 Qd7 12. Nbc3 Nc7 13. c5 Be7 14. Qc2 b6 15. b4 h5
16. Ng3 h4 17. Nf5 Rg8 18. f3 bxc5 19. bxc5 Bxf5 20. Bxf5 Ne6 21. Rab1 Kf8 22.
Rb2 Kg7 23. Rfb1 Bd8 24. Rb7 Bc7 25. Qa4 Rgb8 26. Kf1 Rxb7 27. Rxb7 a5 28. e4
dxe4 29. d5 exf3 30. gxf3 Qc8 31. Qxc6 Rb8 32. Rxb8 Qxb8 33. dxe6 Qb3 34. Qxc7
1-0

[Event "Druzynowe Mistrzostwa Polski II Liga"]
[Site "Szklarska Poreba"]
[Date "1899-12-30"]
[Round "1.65"]
[White "Zychowicz, Marcin"]
[Black "Smarsz, Agata"]
[Result "1/2-1/2"]
[WhiteTitle "II+"]
[BlackTitle "m"]
[WhiteElo "1857"]
[BlackElo "2102"]

1. e4 c5 2. Nf3 d6 3. d4 cxd4 4. Nxd4 Nf6 5. Nc3 a6 6. Be3 e6 7. g4 Nc6 8. g5 Nd7
9. Bc4 Nde5 10. Nxc6 bxc6 11. Bb3 Be7 12. f4 Nd7 13. Qh5 g6 14. Qf3 Bb7 15. O-O-O
c5 16. Ba4 Rc8 17. h4 Qc7 18. h5 Rf8 19. hxg6 hxg6 20. Qh3 Rb8 21. Rhe1 Bc6 22.
Bxc6 Qxc6 23. f5 Qb6 24. b3 Qa5 25. Na4 Qb4 26. fxe6 Qa3+ 27. Nb2 Ne5 28. exf7+
Rxf7 29. Kb1 Qb4 30. Bd2 Qb7 31. Qh8+ Kd7 32. Qh3+ Ke8 33. Qh8+ Rf8 34. Qh7 Rf7
35. Qh8+ Rf8 36. Qh7 Rf7 37. Qh8+ 1/2-1/2

[Event "Druzynowe Mistrzostwa Polski II Liga"]
[Site "Szklarska Poreba"]
[Date "1899-12-30"]
[Round "1.66"]
[White "Mikulewicz, Joanna"]
[Black "Rykala, Monika"]
[Result "1/2-1/2"]
[WhiteTitle "WFM"]
[BlackTitle "I++"]
[WhiteElo "2057"]
[BlackElo "1863"]

1. e4 c5 2. Nf3 d6 3. d4 cxd4 4. Nxd4 e5 5. Nb3 Be6 6. Nc3 Be7 7. Be3 Nf6 8. Be2
Nc6 9. O-O d5 10. exd5 Nxd5 11. Nxd5 Qxd5 12. Qxd5 Bxd5 13. c4 Be6 14. Nc5 Bxc5
15. Bxc5 O-O-O 16. Rfd1 Kc7 17. b3 b6 18. Ba3 Nd4 19. Bd3 Rd7 20. Rac1 Rhd8 21.
Bb2 f6 22. Bxd4 Rxd4 23. Bc2 Rxd1+ 24. Bxd1 Kc6 25. b4 Rd4 26. Bb3 a5 27. Ba4+
Kb7 28. bxa5 Bxc4 29. axb6 Bxa2 30. Bd1 Kxb6 31. h3 Bc4 32. Bc2 g6 33. Rb1+ Kc7
34. Ra1 Bd5 35. f3 Rd2 36. Be4 Bxe4 37. fxe4 Re2 38. Ra7+ Kd6 39. Rxh7 Ke6 40.
Rh4 Kf7 41. Kf1 1/2-1/2

[Event "Druzynowe Mistrzostwa Polski II Liga"]
[Site "Szklarska Poreba"]
[Date "1899-12-30"]
[Round "1.68"]
[White "Smolka, Marcin"]
[Black "Zaskalski, Arkadiusz"]
[Result "1/2-1/2"]
[WhiteTitle "k"]
[BlackTitle "k"]
[WhiteElo "2153"]
[BlackElo "2165"]

1. e4 c5 2. c4 Nc6 3. Nc3 g6 4. g3 Bg7 5. Bg2 e6 6. Nge2 Nge7 7. O-O O-O 8. d3
d6 9. Be3 Nd4 10. Qd2 Rb8 11. Bh6 e5 12. Nxd4 cxd4 13. Nd5 Bd7 14. a4 Nxd5 15.
Bxg7 Kxg7 16. exd5 b6 17. f4 f6 18. b4 Qe7 19. Rfb1 Rfc8 20. b5 Rc7 21. a5 Bc8
22. Rb3 bxa5 23. Qxa5 Bf5 24. Qd2 Rb6 25. Rba3 Bc8 26. Qa2 Rbb7 27. Qd2 Rb6 28.
fxe5 fxe5 29. Qa2 Rbb7 30. Ra6 Bf5 31. Qa3 Rd7 32. Rf1 Rb6 33. Ra4 Rb8 34. Ra1
Rbb7 35. Ra6 Qd8 36. Bf3 h5 37. Bg2 Qe7 38. c5 Rxb5 39. c6 1/2-1/2

[Event "Druzynowe Mistrzostwa Polski II Liga"]
[Site "Szklarska Poreba"]
[Date "1899-12-30"]
[Round "1.69"]
[White "Augustyn, Sebastian"]
[Black "Musial, Tomasz"]
[Result "1-0"]
[WhiteTitle "k"]
[BlackTitle "I++"]
[WhiteElo "2144"]
[BlackElo "1985"]

1. g3 d5 2. Bg2 e5 3. c4 c6 4. d4 e4 5. Nc3 Nf6 6. Bg5 Be7 7. e3 Nbd7 8. Nge2 O-O
9. O-O b6 10. cxd5 cxd5 11. Nf4 Bb7 12. Qb3 h6 13. Bxf6 Nxf6 14. Rac1 g5 15. Nfe2
Qd7 16. Nb5 Bc6 17. Nbc3 Rfc8 18. f3 b5 19. fxe4 dxe4 20. Nxe4 Bxe4 21. Bxe4 Nxe4
22. Qxf7+ Kh8 23. Qg6 Rxc1 24. Qxh6+ Kg8 25. Qg6+ Kh8 26. Nxc1 Nd6 27. Nd3 Qe8
28. Ne5 Qg8 29. Qh6+ Qh7 30. Ng6+ Kg8 31. Qxh7+ Kxh7 32. Nxe7 Re8 33. Nf5 Nc4
34. b3 Nd2 35. Rd1 Ne4 36. d5 Nc3 37. Rd3 Nxa2 38. d6 Nc1 39. d7 Rd8 40. Rd5 Ne2+
41. Kg2 Nc3 42. Rd4 a5 43. Ne7 a4 44. bxa4 bxa4 45. Nc6 a3 46. Nxd8 a2 47. Ne6
a1=Q 48. Nxg5+ Kg6 49. d8=Q Qb2+ 50. Kh3 1-0

[Event "Druzynowe Mistrzostwa Polski II Liga"]
[Site "Szklarska Poreba"]
[Date "1899-12-30"]
[Round "1.70"]
[White "Sadzikowski, Marian"]
[Black "Czarnecki, Wojciech"]
[Result "1-0"]
[WhiteTitle "I"]
[BlackTitle "k"]
[WhiteElo "1871"]
[BlackElo "2020"]

1. e4 c6 2. f4 d5 3. e5 Bf5 4. Nf3 e6 5. d3 Nd7 6. Be2 Qb6 7. c3 Ne7 8. Na3 c5
9. O-O Nc6 10. Nc2 Be7 11. Kh1 O-O 12. Ne3 Bg6 13. g4 f6 14. f5 Bf7 15. exf6 gxf6
16. Qe1 e5 17. Qh4 Qd8 18. Rg1 Kh8 19. Rg3 Bg8 20. Rh3 b5 21. Nxd5 Nb6 22. Nxe7
Nxe7 23. Bh6 Rf7 24. Qg3 Qd5 25. Kg1 Rd8 26. Rd1 Qc6 27. Nh4 c4 28. g5 fxg5 29.
Qxe5+ Qf6 30. Qxf6+ Rxf6 31. Bxg5 Rf7 32. Bxe7 1-0

[Event "Druzynowe Mistrzostwa Polski II Liga"]
[Site "Szklarska Poreba"]
[Date "1899-12-30"]
[Round "1.71"]
[White "Tatarczany, Piotr"]
[Black "Kmak, Wieslaw"]
[Result "1/2-1/2"]
[WhiteTitle "II"]
[BlackTitle "I"]
[WhiteElo "1610"]
[BlackElo "1867"]

1. d4 d5 2. Nf3 Nf6 3. c4 e6 4. Nc3 c6 5. cxd5 exd5 6. Bg5 Be7 7. e3 O-O 8. h3
Bf5 9. Bd3 Bxd3 10. Qxd3 Nbd7 11. O-O Re8 12. Bf4 Nf8 13. Ne5 Bd6 14. Rac1 Ne6
15. Bh2 Qe7 16. a3 a5 17. Rc2 Bxe5 18. Bxe5 Nd7 19. Bg3 Ng5 20. Re1 Ne4 21. Nxe4
dxe4 22. Qb3 Nf8 23. Rec1 Red8 24. Rc5 a4 25. Qc2 Nd7 26. Rc4 Nb6 27. Rb4 Nd5
28. Rxa4 f5 29. Rxa8 Rxa8 30. Qc4 Qf7 31. Be5 g5 32. Qe2 Qg6 33. Rf1 f4 34. Re1
fxe3 35. fxe3 Rf8 36. Qg4 Rf5 37. Kh2 h5 38. Qg3 Kh7 39. Re2 Qf7 40. Kg1 Rf1+
41. Kh2 Kh6 42. Bh8 h4 43. Rf2 Rc1 44. Re2 Rf1 45. Qd6+ Kh7 46. Qg3 1/2-1/2

[Event "Druzynowe Mistrzostwa Polski II Liga"]
[Site "Szklarska Poreba"]
[Date "1899-12-30"]
[Round "1.72"]
[White "Pyzio, Amelia"]
[Black "Jalowiec, Halina"]
[Result "1-0"]
[WhiteTitle "I+"]
[BlackTitle "WFM"]
[WhiteElo "1620"]
[BlackElo "1967"]

1. e4 e5 2. Nf3 Nc6 3. Bc4 Be7 4. d4 exd4 5. Nxd4 Bf6 6. Nf5 d6 7. O-O Nge7 8.
Ng3 O-O 9. f4 Ng6 10. Nc3 Bxc3 11. bxc3 Qf6 12. Bd2 Re8 13. Nh5 Qd8 14. Qf3 Qh4
15. h3 Be6 16. Bb5 a6 17. Bd3 Nf8 18. Rab1 g6 19. Ng3 Bc8 20. Bc4 Ne6 21. Bd5
Ned8 22. Ne2 Ne7 23. Bc4 b5 24. Bd3 Bb7 25. c4 c6 26. f5 bxc4 27. fxg6 hxg6 28.
Bxc4 d5 29. Rxb7 dxc4 30. Rd7 Qh5 31. Rxd8 Qxf3 32. Rxe8+ Rxe8 33. gxf3 Nc8 34.
Nd4 c5 35. Ne2 Nd6 36. Ng3 Nb5 37. Be3 Rc8 38. Ra1 Na3 39. Rc1 Nb5 40. Kf2 Nc3
41. Ra1 Kg7 42. a4 Rd8 43. Ke1 Rb8 44. Bxc5 1-0

[Event "Druzynowe Mistrzostwa Polski II Liga"]
[Site "Szklarska Poreba"]
[Date "1899-12-30"]
[Round "1.73"]
[White "Maciejewski, Waldemar"]
[Black "Lewtak, Damian"]
[Result "0-1"]
[WhiteTitle "k"]
[BlackTitle "m"]
[WhiteElo "2107"]
[BlackElo "2331"]

1. c4 Nf6 2. Nc3 d5 3. cxd5 Nxd5 4. g3 e5 5. Bg2 Nb6 6. Nf3 Nc6 7. O-O Be7 8. d3
Be6 9. Be3 Nd5 10. Nxd5 Bxd5 11. Qa4 O-O 12. Rfc1 Re8 13. Bc5 Bf6 14. Nd2 Bxg2
15. Kxg2 e4 16. Qb3 exd3 17. exd3 Na5 18. Qc2 Bg5 19. Re1 Bxd2 20. Qxd2 Qd5+ 21.
Kg1 Nc6 22. d4 Ne5 23. Rxe5 Rxe5 24. Qf4 Re2 25. Qxc7 Rae8 26. Rf1 Re1 0-1

[Event "Druzynowe Mistrzostwa Polski II Liga"]
[Site "Szklarska Poreba"]
[Date "1899-12-30"]
[Round "1.74"]
[White "Reza, Wojciech"]
[Black "Lipien, Wieslaw"]
[Result "1-0"]
[WhiteTitle "k++"]
[BlackTitle "I++"]
[WhiteElo "2277"]
[BlackElo "2030"]

1. e4 c5 2. Nf3 d6 3. d4 cxd4 4. Nxd4 Nf6 5. Nc3 a6 6. Bg5 Nbd7 7. Bc4 e6 8. a3
Qc7 9. Ba2 Nc5 10. Bxf6 gxf6 11. Qh5 Rg8 12. g3 Rg6 13. f4 Rh6 14. Qf3 Bd7 15.
f5 O-O-O 16. O-O-O Re8 17. h4 Kb8 18. h5 Bc6 19. g4 exf5 20. Nxc6+ bxc6 21. gxf5
Re5 22. b4 Nb7 23. Rdg1 d5 24. Rg8 Re8 25. exd5 cxd5 26. Bxd5 Nd6 27. Kb2 Nb5
28. Nxb5 axb5 29. Qd3 Qb6 30. Bxf7 Rd8 31. Qe4 Bd6 32. Rxd8+ Qxd8 33. Qe8 Be5+
34. Kb3 Kc7 35. Qxd8+ Kxd8 36. c4 Ke7 37. Be6 bxc4+ 38. Kxc4 Kd6 39. a4 Bg3 40.
Kd4 Kd5+ 41. Ke4+ 1-0

[Event "Druzynowe Mistrzostwa Polski II Liga"]
[Site "Szklarska Poreba"]
[Date "1899-12-30"]
[Round "1.75"]
[White "Jurkowski, Marcin"]
[Black "Rymaszewski, Dariusz"]
[Result "1-0"]
[WhiteTitle "I"]
[BlackTitle "k"]
[WhiteElo "2011"]
[BlackElo "2150"]

1. d4 g6 2. c4 Bg7 3. Nc3 d6 4. e4 Nc6 5. Be3 e5 6. d5 Nce7 7. Be2 Nh6 8. Nf3 O-O
9. O-O f5 10. Bd2 f4 11. Ne1 g5 12. f3 Rf7 13. Kh1 Bf8 14. Nd3 Rg7 15. Rc1 Kh8
16. Nf2 Neg8 17. Na4 Nf6 18. g4 fxg3 19. hxg3 Nf7 20. Kg2 g4 21. f4 exf4 22. Bxf4
Qe8 23. Qd4 Nh5 24. Nc3 Be7 25. Be3 Bf6 26. Qd2 Ng5 27. e5 Nf3 28. Qd3 Qxe5 29.
Nfe4 Bh4 30. Bxf3 gxf3+ 31. Rxf3 Bg4 32. Rf7 Bf5 33. Rxg7 Qxg7 34. Qd4 Re8 35.
Qxg7+ Nxg7 36. gxh4 Bxe4+ 37. Nxe4 Rxe4 38. Kf3 Rxh4 39. Bf2 Rh6 40. Bd4 Kg8 41.
Rg1 Rg6 42. Rxg6 hxg6 43. Bxa7 Kf7 44. Bb8 Ne8 45. Kf4 Kf6 46. a4 g5+ 47. Ke4
g4 48. a5 g3 49. Kf3 Ke5 50. b4 Kd4 51. b5 Kc5 52. Kxg3 Nf6 53. Bxc7 Nxd5 54.
cxd5 Kxd5 55. Bb6 1-0

[Event "Druzynowe Mistrzostwa Polski II Liga"]
[Site "Szklarska Poreba"]
[Date "1899-12-30"]
[Round "1.76"]
[White "Renkowski, Piotr"]
[Black "Kmiecik, Wojciech"]
[Result "1-0"]
[WhiteTitle "k"]
[BlackTitle "I+"]
[WhiteElo "2102"]
[BlackElo "1984"]

1. e4 e6 2. d4 d5 3. Nd2 Nf6 4. e5 Nfd7 5. Bd3 c5 6. c3 Nc6 7. Ne2 cxd4 8. cxd4
f6 9. Nf4 Nxd4 10. Qh5+ Ke7 11. Ng6+ hxg6 12. exf6+ Nxf6 13. Qxh8 Kf7 14. O-O
e5 15. Nb3 Nf5 16. Bg5 Qb6 17. Rac1 e4 18. Be2 Be6 19. Bxf6 gxf6 20. Bg4 Rd8 21.
Rc2 Bg7 22. Qh3 d4 23. Rfc1 d3 24. Rc7+ Rd7 25. Bxf5 Bxf5 26. Rxd7+ Ke6 27. Qh7
Kxd7 28. Qxg7+ Ke6 29. Qc7 Bg4 30. Qxb6+ axb6 31. f3 Bf5 32. g4 1-0

[Event "Druzynowe Mistrzostwa Polski II Liga"]
[Site "Szklarska Poreba"]
[Date "1899-12-30"]
[Round "1.77"]
[White "Guziewicz, Wojciech"]
[Black "Czerniawski, Marek"]
[Result "0-1"]
[WhiteTitle "I"]
[BlackTitle "k"]
[WhiteElo "1836"]
[BlackElo "2035"]

1. e4 c5 2. Nf3 g6 3. c3 Bg7 4. h3 Nf6 5. d3 O-O 6. Be2 Nc6 7. Nbd2 d6 8. O-O Rb8
9. Nh2 d5 10. Ng4 Nxg4 11. Bxg4 Bxg4 12. Qxg4 Ne5 13. Qe2 dxe4 14. dxe4 Nd3 15.
Nf3 c4 16. Be3 Qa5 17. Bd4 e5 18. Be3 b5 19. Ne1 Rfd8 20. Nxd3 cxd3 21. Qd2 Bf8
22. a3 Qa4 23. f3 a5 24. Rfc1 Qb3 25. Rab1 b4 26. axb4 axb4 27. Qd1 Qe6 28. c4
Rd7 29. b3 f5 30. Rb2 fxe4 31. fxe4 Qc6 32. Rf2 Qxe4 33. Qd2 Bg7 34. Rcf1 Qc6
35. Bh6 Qc5 36. Be3 Qd6 37. c5 Qe6 38. Bh6 e4 39. Bxg7 Kxg7 40. Qe3 Re8 41. Rf4
d2 42. Qe2 Qe5 43. Qf2 d1=Q 44. Rf7+ Kh6 0-1

[Event "Druzynowe Mistrzostwa Polski II Liga"]
[Site "Szklarska Poreba"]
[Date "1899-12-30"]
[Round "1.78"]
[White "Czaplewska, Klara"]
[Black "Kmiecik, Emilia"]
[Result "1-0"]
[WhiteTitle "k+"]
[BlackTitle "I+"]
[WhiteElo "1880"]
[BlackElo "1786"]

1. e4 c5 2. Nf3 e6 3. d4 cxd4 4. Nxd4 Nc6 5. Nc3 Nf6 6. Ndb5 d6 7. Bf4 e5 8. Bg5
a6 9. Na3 Be7 10. Bxf6 Bxf6 11. Nc4 Nd4 12. Nd5 b5 13. Ncb6 Rb8 14. Nxc8 Rxc8
15. c3 Ne6 16. a4 Rb8 17. axb5 axb5 18. Ra6 O-O 19. Be2 Nc5 20. Nxf6+ Qxf6 21.
Rxd6 Qf4 22. f3 Ne6 23. Qd2 Qh4+ 24. g3 Qh3 25. Kf2 b4 26. Rd5 bxc3 27. bxc3 Rbd8
28. Qe3 Rc8 29. Rxe5 g5 30. Rxg5+ Nxg5 31. Qxg5+ Kh8 32. Qf6+ Kg8 33. g4 Rfd8
34. Bf1 Rd2+ 35. Ke3 Rg2 36. Bxg2 Qxg2 37. Rd1 Qc2 38. Rd8+ Rxd8 39. Qxd8+ Kg7
40. Qd2 Qb1 41. h4 Qg1+ 42. Kf4 Qh1 43. h5 h6 44. c4 Qh4 45. Qd5 Qh2+ 46. Kf5
Qh1 47. f4 Qh4 48. Qe5+ Kg8 49. Qf6 Qe1 50. Qxh6 Qa5+ 51. e5 Qc5 52. Qa6 Qd4 53.
Qa8+ Kh7 54. Qd5 Qa7 55. g5 Qc7 56. g6+ Kh6 57. gxf7 Kg7 58. h6+ Kh7 59. Qe6 Qd8
60. Qg6+ Kh8 61. Qg7# 1-0

[Event "Druzynowe Mistrzostwa Polski II Liga"]
[Site "Szklarska Poreba"]
[Date "1899-12-30"]
[Round "1.79"]
[White "Sypien, Mateusz"]
[Black "Voloshin, Leonid"]
[Result "0-1"]
[WhiteTitle "k"]
[BlackTitle "GM"]
[WhiteElo "2250"]
[BlackElo "2345"]

1. c4 Nf6 2. g3 e6 3. Bg2 d5 4. Nf3 Be7 5. O-O O-O 6. b3 a5 7. a3 a4 8. Nc3 axb3
9. Qxb3 Nc6 10. cxd5 exd5 11. d3 Na5 12. Qc2 d4 13. Nb5 c5 14. Rb1 Be6 15. Bd2
Bd5 16. Rfc1 b6 17. Bf4 Ne8 18. Ne1 Bxg2 19. Nxg2 Qd7 20. Bd2 Nf6 21. Rb2 Rfe8
22. Rcb1 h6 23. Qc1 Nc6 24. Qf1 Ra6 25. Nf4 Na7 26. Bc1 Nxb5 27. Rxb5 Bd8 28.
h4 Bc7 29. R5b3 Qc6 30. R1b2 Rea8 31. Rb1 Bxf4 32. gxf4 Qe6 33. Qg2 Qxe2 34. Rxb6
Qxd3 35. Kh2 Kh7 36. R1b3 Qe4 37. Qg3 c4 38. R3b4 Rxb6 39. Rxb6 c3 40. Rd6 Rb8
41. f5 Rb1 0-1